Sharks - Sudden Death - Statistics

General Stats
  • This quiz has been taken 1,633 times
    1,609 since last reset
  • The average score is 10 of 18
Answers on the Grid
Answers color-coded by a green-red scale on the quiz's grid according to % correct below.
Mako
Sixgill
Salmon
Sevengill
Great white
Pyjama
Bull
Thresher
Galapagos
Angel
Wobbegong
Tiger
Cookiecutter
Hammerhead
Whale
Basking
Mongolian
Goblin
Hobbit
Megamouth
Weddell
Tornado
Bottlenose
Bowhead
Snapping
Blue-ringed
Lime
Christmas
Humboldt
Yellowfin
Lion
Boomslang
 
Answer Stats
Answer % Correct
Tiger
79%
Great white
78%
Bull
77%
Hammerhead
77%
Mako
74%
Whale
73%
Basking
66%
Thresher
62%
Goblin
61%
Cookiecutter
55%
Wobbegong
50%
Angel
48%
Megamouth
45%
Salmon
43%
Sixgill
37%
Sevengill
35%
Galapagos
33%
Pyjama
29%
No matching quizzes found
Score Distribution
Percent of People with Each Score
Percentile by Number Answered
Your Score History
You have not taken this quiz since the last reset